00214nam a22000977a 4500040000800000082001300008100001900021245002300040260004300063300001000106 cdlc a891.4394 aMuhammad Kazim aHadein aur Batein  aLahorebSang-e-Meel Publicationcc2010 a199;p